| 000 | 00742cam a22002295a 4500 | ||
|---|---|---|---|
| 001 | 017183110 | ||
| 003 | OSt | ||
| 005 | 20161013125240.0 | ||
| 008 | 150401t2015 njua fr 000 0 eng d | ||
| 020 | _a9781119042488 | ||
| 040 |
_aStDuBDS _beng _cStDuBDS _dEG-ScBUE |
||
| 082 | 0 | 4 |
_a650.076 _222 _bOFF |
| 245 | 0 | 4 |
_aThe official guide for GMAT review 2016 / _cGraduate Management Admission Council (GMAC). |
| 260 |
_aHoboken : _bJohn Wiley & Sons, _cc.2015. |
||
| 300 |
_a836 p. : _bill. ; _c28 cm. |
||
| 500 | _aIncludes Internet access. | ||
| 650 | 7 |
_aGraduate Management Admission Test _vStudy guides. _2BUEsh _925992 |
|
| 651 | _2BUEsh | ||
| 653 |
_bBUSECO _cOctober2016 |
||
| 710 | 2 | _aGraduate Management Admission Council, | |
| 942 | _2ddc | ||
| 999 |
_c22563 _d22535 |
||